000
00301pab a2200121 454500
008
180718b xxu||||| |||| 00| 0 eng d
100
_a
Mukherjee, Amitabha
245
_a
Crises of attitude in bureaucracy
650
_a
Bureaucracy
650
_a
Civil Service
773
_a
Financial Express
909
_a
2405
999
_c
2405
_d
2405